=LDR 00000nam 2200000 4500 =001 INLIS000000000009823 =005 20130612101610 =008 ***********************************Ind** =035 ##$$0010-061300000009823 =041 ##$$a Ind =082 ##$$a 028.55 =090 ##$$a 028.55, Tha a =100 ##$$a Thahir, Sumarti M =245 ##$$a Aku Suka Membaca, Sumarti M. Thahir =260 ##$$a 2002 $b Jakarta =300 ##$$a .. jil, ilus, 28 cm =650 ##$$a Bacaan Kanak - Kanak =850 ##$$a NBPNMAT